[Event "Omegna op-A 2nd"]
[Site "Omegna"]
[Date "2014.08.09"]
[Round "3"]
[White "Cacciola, Alfredo"]
[Black "Engl, Stefan"]
[Result "0-1"]
[WhiteElo "2148"]
[BlackElo "1912"]
[PlyCount "66"]
[EventDate "2014.08.08"]
[EventType "swiss"]
[EventRounds "5"]
[EventCountry "ITA"]
[SourceTitle "EXT 2024"]
[Source "ChessBase"]
[SourceDate "2023.10.10"]
[SourceVersion "1"]
[SourceVersionDate "2023.10.10"]
[SourceQuality "1"]

1. e4 e6 2. d4 d5 3. Nc3 Bb4 4. e5 c5 5. a3 Bxc3+ 6. bxc3 Qc7 7. Qg4 f5 8. Qg3 Nc6 9. Ne2 b6 10. h4 Qf7 11. dxc5 bxc5 12. Be3 d4 13. cxd4 cxd4 14. Nxd4 f4 15. Qf3 Nxd4 16. Qxa8 Nxc2+ 17. Ke2 Ne7 18. Rc1 0-0 19. Qf3 Qf5 20. Kd1 Nxe3+ 21. fxe3 Rd8+ 22. Ke1 Qxe5 23. Be2 fxe3 24. Rh3 Qa5+ 25. Kf1 Rf8 26. Qxf8+ Kxf8 27. Rxe3 Ba6 28. Re1 Nf5 29. Rf3 Ke7 30. Bxa6 Qxa6+ 31. Kg1 Qb6+ 32. Kh1 Qd4 33. g3 Qd5 0-1

[Event "Davos op"]
[Site "Davos"]
[Date "2014.07.13"]
[Round "9"]
[White "Kuhn, Thomas"]
[Black "Cacciola, Alfredo"]
[Result "1-0"]
[WhiteElo "2161"]
[BlackElo "2122"]
[PlyCount "83"]
[EventDate "2014.07.07"]
[EventType "swiss"]
[EventRounds "9"]
[EventCountry "SUI"]
[SourceTitle "EXT 2016"]
[Source "ChessBase"]
[SourceDate "2015.10.08"]
[SourceVersion "1"]
[SourceVersionDate "2015.10.08"]
[SourceQuality "1"]

1. d4 Nf6 2. Nf3 g6 3. Bg5 Bg7 4. Nbd2 d5 5. e3 0-0 6. Be2 c5 7. c3 Qb6 8. Qb3 Nc6 9. 0-0 Na5 10. Qa3 cxd4 11. cxd4 Bf5 12. b4 Nc6 13. b5 Na5 14. Qxe7 h6 15. Bxf6 Bxf6 16. Qb4 Rac8 17. Rac1 Rfe8 18. Qb2 a6 19. a4 Be7 20. Rxc8 Rxc8 21. Rc1 Nc6 22. h3 h5 23. Ne1 Nb4 24. Rxc8+ Bxc8 25. Nd3 a5 26. Nxb4 axb4 27. Qc1 Bf5 28. Bf3 Qd6 29. a5 Bd8 30. b6 Bd3 31. Qc8 Kg7 32. Qxb7 Bc4 33. Nxc4 dxc4 34. Bd5 b3 35. Qxf7+ Kh6 36. Bxc4 b2 37. Bd3 h4 38. Qg8 Qf6 39. f4 Be7 40. a6 Bd6 41. Kh1 Bxf4 42. exf4 1-0

[Event "Davos op"]
[Site "Davos"]
[Date "2014.07.08"]
[Round "2"]
[White "Cacciola, Alfredo"]
[Black "Kasparova, Tatiana"]
[Result "1/2-1/2"]
[WhiteElo "2122"]
[BlackElo "2132"]
[PlyCount "113"]
[EventDate "2014.07.07"]
[EventType "swiss"]
[EventRounds "9"]
[EventCountry "SUI"]
[SourceTitle "EXT 2016"]
[Source "ChessBase"]
[SourceDate "2015.10.08"]
[SourceVersion "1"]
[SourceVersionDate "2015.10.08"]
[SourceQuality "1"]

1. e4 c6 2. d4 d5 3. Nc3 dxe4 4. Nxe4 Bf5 5. Ng3 Bg6 6. h4 h6 7. Nf3 Nd7 8. h5 Bh7 9. Bd3 Bxd3 10. Qxd3 e6 11. Bf4 Bb4+ 12. c3 Be7 13. 0-0-0 Ngf6 14. Kb1 0-0 15. Ne5 Nxe5 16. dxe5 Qxd3+ 17. Rxd3 Nd5 18. Bc1 b5 19. Ne4 Rfd8 20. g4 a5 21. Rhd1 a4 22. f4 Nb6 23. f5 Rd5 24. f6 Bf8 25. g5 Rad8 26. Rxd5 Rxd5 27. Rg1 Rxe5 28. gxh6 g6 29. hxg6 fxg6 30. Rxg6+ Kh7 31. Rg4 Rf5 32. Kc2 Nd7 33. Bg5 Ne5 34. Rg3 Nf7 35. Be3 Bxh6 36. Bxh6 Nxh6 37. Rg7+ Kh8 38. Re7 Re5 39. Kd3 Kg8 40. Rc7 Rd5+ 41. Ke3 Ng4+ 42. Kf4 Ne5 43. f7+ Kg7 44. Ng5 Ng6+ 45. Kg4 Ne5+ 46. Kg3 Rd7 47. Rc8 Nxf7 48. Nxe6+ Kf6 49. Rxc6 Rd6 50. Nd4 Rxc6 51. Nxc6 Nd6 52. Kf4 Ke6 53. b3 axb3 54. axb3 Kd5 55. Ne7+ Kc5 56. Nf5 b4 57. c4 1/2-1/2

[Event "Davos op"]
[Site "Davos"]
[Date "2014.07.07"]
[Round "1"]
[White "Schmitz, Thorsten"]
[Black "Cacciola, Alfredo"]
[Result "1/2-1/2"]
[WhiteElo "2310"]
[BlackElo "2122"]
[PlyCount "58"]
[EventDate "2014.07.07"]
[EventType "swiss"]
[EventRounds "9"]
[EventCountry "SUI"]
[SourceTitle "EXT 2016"]
[Source "ChessBase"]
[SourceDate "2015.10.08"]
[SourceVersion "1"]
[SourceVersionDate "2015.10.08"]
[SourceQuality "1"]

1. e4 c5 2. Nf3 d6 3. g3 Nc6 4. Bg2 g6 5. 0-0 Bg7 6. c3 Nf6 7. Re1 0-0 8. h3 e5 9. d3 h6 10. Na3 Re8 11. Nc2 d5 12. Nd2 Be6 13. c4 dxe4 14. dxe4 a6 15. Ne3 b5 16. Nd5 Nd4 17. b3 Nd7 18. Bb2 Rc8 19. Kh2 Nb6 20. Bf1 Bxd5 21. exd5 Qd7 22. Rc1 f5 23. Nf3 Kh7 24. Bg2 bxc4 25. bxc4 Rb8 26. Ba1 Nc8 27. Rb1 Rxb1 28. Qxb1 Nd6 29. Nd2 Qa4 1/2-1/2